[Event "Bethune op-B 25th"]
[Site "Bethune"]
[Date "2004.12.29"]
[Round "5"]
[White "Thiebaut, Jean Loup"]
[Black "Desbouvries, Gauthier"]
[Result "0-1"]
[WhiteElo "1640"]
[BlackElo "1420"]
[PlyCount "142"]
[EventDate "2004.12.26"]
[EventType "swiss"]
[EventRounds "7"]
[EventCountry "FRA"]
[SourceTitle "EXT 2006"]
[Source "ChessBase"]
[SourceDate "2005.11.24"]
[SourceVersion "1"]
[SourceVersionDate "2005.11.24"]
[SourceQuality "1"]

1. e4 c5 2. Nf3 Nc6 3. d4 cxd4 4. Nxd4 Nf6 5. Nc3 g6 6. g3 Bg7 7. Bg2 Nxe4 8. Nxc6 Nxc3 9. Nxd8 Nxd1 10. Nxb7 Bxb7 11. Bxb7 Rb8 12. Kxd1 Rxb7 13. Re1 Rb6 14. c3 Rd6+ 15. Kc2 e6 16. Be3 a6 17. Re2 Rc6 18. Rd1 Ke7 19. Bf4 d5 20. Rxd5 Rhc8 21. Rd3 f5 22. Be5 Bh6 23. f4 Bf8 24. Red2 Ke8 25. Bf6 Kf7 26. Be5 Ke8 27. Rd7 h5 28. Bf6 Bc5 29. Rd8+ Rxd8 30. Rxd8+ Kf7 31. Bd4 Ke7 32. Rg8 Kf7 33. Rg7+ Kf8 34. Be5 Bd6 35. Rxg6 Bxe5 36. fxe5 Kf7 37. Rf6+ Ke7 38. Kd3 Rb6 39. b3 Rb5 40. c4 Rxe5 41. Rh6 Ra5 42. a4 e5 43. Rxh5 Kf6 44. Rh8 e4+ 45. Ke3 Re5 46. Rh6+ Kg5 47. Rxa6 Kg4 48. Rh6 Re7 49. Rd6 Rb7 50. Kd4 Rxb3 51. Re6 Ra3 52. c5 Rxa4+ 53. Kd5 Ra2 54. Rg6+ Kf3 55. Rg5 f4 56. Rf5 e3 57. Rxf4+ Kg2 58. Kd4 e2 59. Re4 Ra4+ 60. Kd5 Rxe4 61. Kxe4 e1Q+ 62. Kd5 Qd2+ 63. Kc6 Kxh2 64. Kc7 Qc3 65. c6 Qg7+ 66. Kb8 Qf8+ 67. Kb7 Qe7+ 68. c7 Kxg3 69. Ka8 Qe8+ 70. Kb7 Qd7 71. Ka8 Qc8+ 0-1

[Event "Bethune op-B 25th"]
[Site "Bethune"]
[Date "2004.12.28"]
[Round "4"]
[White "Fersi, Sofiane"]
[Black "Thiebaut, Jean Loup"]
[Result "1/2-1/2"]
[WhiteElo "1330"]
[BlackElo "1640"]
[PlyCount "79"]
[EventDate "2004.12.26"]
[EventType "swiss"]
[EventRounds "7"]
[EventCountry "FRA"]
[SourceTitle "EXT 2006"]
[Source "ChessBase"]
[SourceDate "2005.11.24"]
[SourceVersion "1"]
[SourceVersionDate "2005.11.24"]
[SourceQuality "1"]

1. e4 d5 2. exd5 Nf6 3. d4 Bg4 4. Nf3 Qxd5 5. Be2 Nc6 6. Be3 Qh5 7. Nbd2 0-0-0 8. c3 Nd5 9. Qb3 Nxe3 10. fxe3 e6 11. 0-0-0 Na5 12. Qb5 Qxb5 13. Bxb5 g6 14. h3 Bxf3 15. Nxf3 Bh6 16. Rde1 c6 17. Ba4 Nc4 18. Bb3 Nxe3 19. Kb1 Nxg2 20. Re4 Ne3 21. Re1 Nf5 22. Ne5 Nd6 23. Nxf7 Nxe4 24. Rxe4 Bg7 25. Nxd8 Kxd8 26. Rxe6 Re8 27. Rd6+ Kc7 28. Re6 Rxe6 29. Bxe6 Kd6 30. Bc4 g5 31. Kc2 h6 32. Kd2 b5 33. Bb3 c5 34. dxc5+ Kxc5 35. Bd1 Be5 36. Kd3 a5 37. Kd2 Bf4+ 38. Kd3 Bc7 39. b3 b4 40. c4 1/2-1/2

[Event "Bethune op-B 25th"]
[Site "Bethune"]
[Date "2004.12.27"]
[Round "3"]
[White "Thiebaut, Jean Loup"]
[Black "Bougel, Claude"]
[Result "1/2-1/2"]
[WhiteElo "1640"]
[BlackElo "1750"]
[PlyCount "107"]
[EventDate "2004.12.26"]
[EventType "swiss"]
[EventRounds "7"]
[EventCountry "FRA"]
[SourceTitle "EXT 2006"]
[Source "ChessBase"]
[SourceDate "2005.11.24"]
[SourceVersion "1"]
[SourceVersionDate "2005.11.24"]
[SourceQuality "1"]

1. e4 c5 2. Nf3 d6 3. d4 cxd4 4. Nxd4 Nf6 5. Nc3 a6 6. a4 e6 7. g3 Be7 8. Bg2 0-0 9. 0-0 Nc6 10. Be3 Bd7 11. Nce2 Qc7 12. c3 Rac8 13. Nxc6 Bxc6 14. Qc2 Ng4 15. Bd2 Nf6 16. Nd4 Bd7 17. Rfe1 Rfd8 18. h3 Qc4 19. Qb3 Qc7 20. Be3 Qb8 21. Nf3 b5 22. axb5 Bxb5 23. Nd4 Nd7 24. Nxb5 axb5 25. Bf1 Nc5 26. Bxc5 Rxc5 27. Ra5 Rd7 28. Rxb5 Rxb5 29. Qxb5 Rb7 30. Qc6 Rxb2 31. Ra1 Rb7 32. Kh2 g6 33. Bg2 Kg7 34. Qc4 Bf6 35. e5 Bxe5 36. Bxb7 Qxb7 37. Ra2 Qf3 38. Rc2 h5 39. Qe2 Qxe2 40. Rxe2 Bxc3 41. f4 d5 42. Rc2 d4 43. Kg2 Kf6 44. Kf3 e5 45. fxe5+ Kxe5 46. Re2+ Kf5 47. Rf2 Be1 48. Rf1 Bc3 49. Ke2+ Ke6 50. Kd3 f6 51. Rb1 g5 52. Rb5 Kf7 53. g4 h4 54. Ke4 1/2-1/2

[Event "Nord Pas de Cal-chT"]
[Site "Lille"]
[Date "2004.??.??"]
[Round "1.8"]
[White "Thiebaut, Jean Loup"]
[Black "Jouglet, Fabian"]
[Result "0-1"]
[WhiteElo "1590"]
[BlackElo "2008"]
[PlyCount "88"]
[EventDate "2004.04.??"]
[EventType "team-swiss"]
[EventRounds "7"]
[EventCountry "FRA"]
[SourceTitle "EXT 2005"]
[Source "ChessBase"]
[SourceDate "2004.11.15"]
[SourceVersion "1"]
[SourceVersionDate "2004.11.15"]
[SourceQuality "1"]

1. f4 Nf6 2. Nf3 e6 3. e3 b6 4. b3 Bb7 5. Be2 d5 6. Bb2 Be7 7. 0-0 0-0 8. Qe1 Ne4 9. d3 Bf6 10. c3 Nd6 11. d4 c5 12. Nbd2 Nd7 13. h3 Rc8 14. Bd3 Ne4 15. Rc1 Rc7 16. Bb1 Ba6 17. c4 cxd4 18. Nxe4 dxe4 19. Bxe4 Nc5 20. exd4 Nxe4 21. Qxe4 Bb7 22. Qe3 Qa8 23. Rc2 Rd8 24. Rd2 Be7 25. Bc3 a6 26. Ne5 b5 27. f5 b4 28. Bb2 exf5 29. Rxf5 f6 30. Ng4 Be4 31. Rf1 a5 32. d5 Bg6 33. Rfd1 Bd6 34. Qe6+ Kf8 35. Qe3 Re8 36. Qf3 Rce7 37. Bd4 Qc8 38. Kf1 h5 39. Nf2 a4 40. Bb2 axb3 41. Qxb3 Re3 42. Qa4 Qxc4+ 43. Nd3 Bxd3+ 44. Rxd3 Re1+ 0-1